International monetary and financial economics

محفوظ في:
التفاصيل البيبلوغرافية
المؤلف الرئيسي: Daniels, Joseph B.
التنسيق: كتاب
اللغة:Undetermined
منشور في: Victoria, Australia Thomson (South-Western) 2005
الموضوعات:
الوسوم: إضافة وسم
لا توجد وسوم, كن أول من يضع وسما على هذه التسجيلة!
Thư viện lưu trữ: Trung tâm Học liệu Trường Đại học Cần Thơ
LEADER 00634nam a2200193Ia 4500
001 CTU_105984
008 210402s9999 xx 000 0 und d
020 |c 115.27 
082 |a 332.042 
082 |b D186 
100 |a Daniels, Joseph B. 
245 0 |a International monetary and financial economics 
245 0 |c Joseph B. Daniels, David D. van Hoose 
260 |a Victoria, Australia 
260 |b Thomson (South-Western) 
260 |c 2005 
650 |a International fiance,Balance of payments,Currency question,Foreign exchange 
904 |i Minh (Nguyên sửa) 
980 |a Trung tâm Học liệu Trường Đại học Cần Thơ